Quizzes
Events
Quiz Creation
Community
Videos
Private Events
Remove Ads
Sign In
Join for FREE
Feedback
Dark Mode
Quiz Categories
Sports
Geography
Music
Movies
Television
Just For Fun
Miscellaneous
History
Literature
Language
Science
Gaming
Entertainment
Religion
Holiday
For Kids
Quiz Lab
Recent
Popular Today
Quiz Kudos Today
Editor Picks
Curator Picks
Quizzes by...
Day
Popularity
Type
Ratings
Length
Year
Community
Subscriptions
Recent Discussions
Orange Saloon
Badges
Playlists
Quests
Create
Leaderboards
Showdown
Live 5
Trivia Bingo
Activity
Puzzle Library
Sporcle Events
Private Events
Virtual Trivia
Globe League
Become a Host
Pub Owners
SporcleCon
Opinionation
Our Games
Videos
Blog
Mobile Apps
Partnerships
Remove Ads and Go Orange
Feedback
Gaming
Video Games
Board Games
Card Games
Pokémon
Mario
Nintendo
Minecraft
Console
Toys
Legend of Zelda
Gaming
Video Games
Board Games
Card Games
Pokémon
Mario
Nintendo
Minecraft
Console
Toys
Legend of Zelda
Random Quiz
Search Sporcle
×
Quiz Lab
Quiz Lab
Gaming
Board Games
Type in answers that appear in a list
Type in answers that appear in a list
Classic
Best Score? Go Orange.
RISK - Name the Territories Stats
Can you name the territories in the board game RISK??
By
skiggykamiggy
5m
42 Questions
55 Plays
55 Plays
55 Plays
Comments
Comments
Give Quiz Kudos
Give Quiz Kudos
-
- Ratings
hide this ad
Replay
Link that replays current quiz
Next Quiz
Link to next quiz in quiz playlist
You Got
0%
They Got
Avg Score
61%
Avg Friend Score
Upgrade to see
Score Distribution
Jump to the score distribution portion of the page
Score
0/42
Timer
05:00
0
Plays Today
Continent
Territory
% Correct
South America
brazil
87.3%
South America
argentina
83.6%
Asia
japan
83.6%
Europe
iceland
78.2%
Asia
china
78.2%
Africa
south africa
76.4%
North America
alaska
72.7%
North America
greenland
72.7%
Europe
southern europe
72.7%
North America
eastern united states
70.9%
Africa
egypt
70.9%
Africa
madagascar
70.9%
North America
central america
69.1%
North America
western united states
69.1%
Australia
eastern australia
69.1%
Australia
western australia
69.1%
South America
peru
67.3%
North America
ontario
65.5%
Europe
western europe
65.5%
Africa
north africa
63.6%
North America
quebec
61.8%
Continent
Territory
% Correct
Asia
middle east
61.8%
Australia
indonesia
61.8%
Europe
ukraine
60%
North America
alberta
58.2%
South America
venezuela
58.2%
Asia
india
58.2%
Asia
kamchatka
58.2%
Asia
mongolia
58.2%
Australia
new guinea
58.2%
Africa
congo
54.5%
Asia
siam
52.7%
North America
northwest territory
50.9%
Europe
great britain
50.9%
Africa
east africa
49.1%
Asia
irkutsk
49.1%
Asia
siberia
47.3%
Asia
ural
47.3%
Europe
scandinavia
45.5%
Asia
afghanistan
45.5%
Asia
yakutsk
43.6%
Europe
nothern europe
1.8%
Quiz Playlist
Details
Report
Send in Message
Add To Playlist
Classic:
Type in answers that appear in a list
Last Updated: Feb 16, 2017
Quiz Scoreboard
CHALLENGE
Sign Up to Join the Scoreboard
Show All
Scores
Hide
Comments
May contain spoilers
Recently Published
Popular People in 1961
by mucciniale
History
6m
1-10 Letter E Words III
by El_Dandy
Language
2m
One Thing in Common: World Cities II
by knightlancer
Geography
7m
More to Explore
Quiz From the Vault
Featured Blog Post
Where Did the Easter Bunny Come From?
hide this ad
You Might Also Like...
Tags
Board Games Quiz
risk
Risk Territory
Today's Top Quizzes in Gaming
Browse Gaming
hide this ad
Today's Top Quizzes in Board Games
Browse Board Games
Top Contributed Quizzes in Gaming
1
Destiny 2 exotic weapons by perk icons
2
Who's on the WWE 2K24 Cover?
3
Windmill: Pokémon
4
Overwatch 2 Heroes by Selection Quote
5
Overwatch 2: Ultimate Ability Icons
6
Genshin Impact Logic Puzzle
7
Genshin murder mystery
8
Legendary or Exotic?
9
Overwatch Logic Puzzle
10
Franchise by Action Figure
Explore More
Trending Topics
Marvel
Crossword
Harry Potter
Anime
Disney
Kpop
NBA
NFL
Soccer
The Office
Puzzle
WWE
Pokémon
Song
Country
hide this ad
More By:
skiggykamiggy
Quiz
Plays
Rating
Category
Featured
Created
Saved by the Bell Quickfire
1,045
2.33
Television
Oct 25, 2012
90s Rap Before and After
883
3.00
Music
Nov 16, 2012
US State capitals south of Mexico
550
2.74
Geography
Dec 12, 2012
US State capitals north of Canada
350
4.71
Geography
Dec 11, 2012
Smashing Pumpkins Album Tracks
326
5.00
Music
Nov 10, 2014
Go to Creator's Profile
Score Distribution
Quiz Creator Spotlight
skiggykamiggy
Follow
Send a Message
Quizzes Created
-
Created Quiz Play Count
-
More By This Creator
Popular Quizzes Today
1
Find the US States - No Outlines Minefield
2
The Countries of the World
3
Find the Countries of Europe - No Outlines Minefield
4
Popular People in 1961
5
1-10 Letter E Words III
6
Find the US States
7
One Thing in Common: World Cities II
8
US States
More Gaming Quizzes
Fire Emblem: Three Houses Characters by Image
Quiz Lab
Trending Quizzes
Risky Map Clicking: Least Populous States A-Z
1-10 Letter F Words
1-10 Letter G Words
One Thing in Common: United Kingdom
Risky Map Clicking: Next State Alphabetically
Recently Updated
Leaping Animals
pecheneg
Reality TV Shows (A-Z)
bhenderson79
Rickey Henderson's Hall of Fame Teammates
pecheneg
Champions League XIs: Arsenal
pecheneg
Quick Pick: Celebrities in WWE's Hall of Fame
aduchscher
A-Z Keypad Blitz II
pecheneg
Multiple Oscar Actors
pecheneg
Mystery Phrase Blitz: Oscar 'Best Actors'
pecheneg
F. Scott Fitzgerald Novels
LTH
Pick 3 Villains
ddd62291
Trending Topics
Marvel
Harry Potter
Crossword
Kpop
NBA
Anime
Disney
Soccer
Pokémon
WWE
Puzzle
NFL
The Office
Country
Song
Your Account Isn't Verified!
In order to create a playlist on Sporcle, you need to verify the email address you used during registration. Go to your
Sporcle Settings
to finish the process.
Report this User
Report this user for behavior that violates our
Community Guidelines
.
Details:
Send Report
Go to the Sporcle.com Mobile Site →
Comments